| 000 | 00506nam a22001697a 4500 | ||
|---|---|---|---|
| 005 | 20251108175345.0 | ||
| 008 | 250721s1982 xx 000 0 ara d | ||
| 082 | 1 | 4 | _a693.5/درو |
| 100 | 1 | _aالدرويش، ابراهيم علي | |
| 245 | 1 | 0 | _aتكنولوجيا الخرسانة / |
| 264 | 1 |
_aالقاهرة : _bمنشأة معارف الاسكندرية، _c1982. |
|
| 300 | _a329 ص. | ||
| 650 | 1 | 7 | _aالخرسانة |
| 650 | 1 | 7 | _aمواد البناء |
| 942 |
_2ddc _cBK |
||
| 999 |
_c132230 _d132230 |
||